| 000 | 00970nam a2200229Ia 4500 | ||
|---|---|---|---|
| 003 | Ost | ||
| 005 | 20260507075500.0 | ||
| 008 | 260507s9999||||xx |||||||||||||| ||und|| | ||
| 020 | _a9961008243 | ||
| 040 | _cfsecg | ||
| 041 | _aara | ||
| 082 | _a338.72 | ||
| 100 |
_aالموسوي، ضياء مجيد _eمؤلف |
||
| 245 | 0 |
_aالخوصصة والتصحيحات الهيكلية(آراء واتجاهات) / _c ضياء مجيد الموسوي |
|
| 260 |
_aالجزائر: _bديوان المطبوعات الجامعية, _c2005 |
||
| 300 |
_a122 صفحة؛ _c22 سم |
||
| 504 | _aببليوغرافيا:ص.122 | ||
| 520 | _aايديولوجية الدعوة الراهنة وراء تقليص دور القطاع العام،قواعد اقتصاديات السوق،إصلاح القطاع العام،إعادة الهيكلة(البيريسترويكا) | ||
| 653 | _aالقطاع الخاص | ||
| 653 | _aالقطاع العام | ||
| 942 | _cكتاب | ||
| 999 |
_c44691 _d44691 |
||